| 000 | 00398 a2200109 4500 | ||
|---|---|---|---|
| 001 | ART_8232 | ||
| 005 | 20260410161557.0 | ||
| 008 | 260409a | ||
| 245 | 1 | 0 | _aEl valor de la información prospectiva como elemento de control en las mediciones a valor razonable |
| 100 | 1 | _aD´Onofrio, Paula Alejandra | |
| 773 | 0 |
_tProfesional & Empresaria _g- Año XII, Nº 127 (abr. 2010) _wREV70 |
|
| 999 |
_c9308 _d9308 |
||